000 00613nam a22002177a 4500
003 OSt
005 20140310182935.0
008 130201t xxu||||| |||| 00| 0 eng d
020 _a9789719356608
050 _aGN 671
_b.C822 2006
082 _aFIL 306.409594
_b.G61 2006
245 _aGood practices on indigenous peoples' development
_c[edited by Victoria Tauli-Corpuz]
260 _aBaguio City
_bTebtebba Foundation
_cc2006
300 _axii, 274 p.
_bill.
_c23 cm.
521 _aCollege
526 _c1210L-1700L
541 _j1
541 _j2
562 _e2
942 _2lcc
_cBK
_kFIL
999 _c17605
_d17605